| 000 | 00553nam a2200169Ia 4500 | ||
|---|---|---|---|
| 008 | 180921t2021 xxu||||| |||| 00| 0 sin d | ||
| 041 | _asin | ||
| 080 |
_a8-31 _bට්වෙන් |
||
| 100 | _aට්වෙන්, මාක් | ||
| 245 | _aදැරියකගේ ප්රයාමය | ||
| 260 |
_bවිදර්ශන _aකළුබෝවිල _c2021 |
||
| 300 | _aසෙ.මි.20, පි.448 | ||
| 700 |
_aමාධවී සේනාරත්න _eපරි. |
||
| 942 | _cBK | ||
| 999 |
_c11251 _d11251 |
||
| 003 | LK-CoDNM | ||
| 040 |
_aLK-CoDNM _dLK-CoDNM _eLK-CoDNM |
||